000 00562nam a2200193Ia 4500
001 22784
003 GE_BSU
008 181216s||||||||xx |||||||||||||| ||und||
040 _cGE_BSU
245 _aЖурнал росийского права. №6(258). 2018
245 _cГл. ред. Хабриева Т. Я.
260 _aМосква
260 _c2018
300 _a180стр. 26см.
653 _aЖурнал росийского права. №6(258). 2018
653 _aПериодика
653 _aპერიოდიკა
942 _cCR
999 _c55689
_d55689